Mississippi Major & Minor Teams - Statistics

General Stats
  • This quiz has been taken 16 times
  • The average score is 6 of 9
Answer Stats
NCAA % Correct
Ole Miss Rebels
100%
Mississippi State Bulldogs
92%
Southern Miss Golden Eagles
69%
Mississippi Valley State Delta Devils
62%
Alcorn State Braves
54%
Biloxi Shuckers
54%
Jackson State Tigers
54%
Mississippi Braves
54%
Memphis Hustle
31%
No matching quizzes found
Score Distribution
Percent of People with Each Score
Percentile by Number Answered
Your Score History
You have not taken this quiz